01789cam a2200385 i 45000010008000000030009000080050017000170080041000340200015000750200018000900400038001080430021001460820020001671000045001872450160002322640052003922640010004443000045004543360026004993370028005253380027005535040052005806500089006326500081007216500090008026500083008926500082009756500082010576530022011396550024011617100043011859420012012289990017012409520146012571163926EG-ScBUE20240821142729.0961031t1997 nyuak f bf 001 0 eng d a0780311361 a9780780311367 aDLCbengerdacDLCdDLCdEG-ScBUE an-cn---an-us---04a507.11222bREI1 aReis, Richard M.,d1941-eauthor.93574410aTomorrow's professor :bpreparing for academic careers in science and engineering /cRichard M. Reis, Stanford University ; sponsor IEEE Education Society. 1aNew York :bIEEE ;bWiley Interscience,c[1997] 4cc1997 axix, 416 pages :bforms, tables ;c23 cm 2rdacontentatextbtxt aunmediated2rdamediabn avolumebnc2rdacarrier aIncludes bibliographical references and index.  7aScience xVocational guidancezUnited StatesvHandbooks, manuals, etc.2BUEsh935745 7aSciencexVocational guidancezCanadavHandbooks, manuals, etc.2BUEsh935747 7aEngineersxVocational guidancezUnited StatesvHandbooks, manuals, etc.2BUEsh935748 7aEngineersxVocational guidancezCanadavHandbooks, manuals, etc.2BUEsh935749 7aCollege teachersxVocational guidancevHandbooks, manuals, etc.2BUEsh935750 7aCollege teachingxVocational guidancevHandbooks, manuals, etc.2BUEsh935751 bENGGENcMarch2014 vReading book9342322 aIEEE Education Group,esponser.935752 2ddccBB c18145d18117 00102ddc40708BaccahaMAINbMAINc1STd2014-03-23ePurchaseg550.00l0o507.11 REIp000035788r2025-07-15 00:00:00v687.50w2014-03-23yBB